PRACTICAL HUMAN ANATOMY AND PHYSIOLOGY (Record no. 12316)
[ view plain ]
| 000 -LEADER | |
|---|---|
| fixed length control field | 00422nam a22001697a 4500 |
| 003 - CONTROL NUMBER IDENTIFIER | |
| control field | OSt |
| 008 - FIXED-LENGTH DATA ELEMENTS--GENERAL INFORMATION | |
| fixed length control field | 240327b |||||||| |||| 00| 0 eng d |
| 020 ## - INTERNATIONAL STANDARD BOOK NUMBER | |
| International Standard Book Number | 9789354664571 |
| 082 ## - DEWEY DECIMAL CLASSIFICATION NUMBER | |
| Classification number | 612 JOP |
| 100 ## - MAIN ENTRY--PERSONAL NAME | |
| Personal name | JOHN, NITIN ASHOK |
| 245 ## - TITLE STATEMENT | |
| Title | PRACTICAL HUMAN ANATOMY AND PHYSIOLOGY |
| 250 ## - EDITION STATEMENT | |
| Edition statement | 2nd |
| 260 ## - PUBLICATION, DISTRIBUTION, ETC. (IMPRINT) | |
| Place of publication, distribution, etc | New Delhi |
| Name of publisher, distributor, etc | CBS Pub. |
| Date of publication, distribution, etc | 2023 |
| 300 ## - PHYSICAL DESCRIPTION | |
| Extent | x,198 |
| 650 ## - SUBJECT ADDED ENTRY--TOPICAL TERM | |
| Topical term or geographic name as entry element | HUMAN ANATOMY AND PHYSIOLOGY |
| 942 ## - ADDED ENTRY ELEMENTS (KOHA) | |
| Source of classification or shelving scheme | Dewey Decimal Classification |
| Koha item type | Reference Books |
| Withdrawn status | Lost status | Source of classification or shelving scheme | Damaged status | Not for loan | Collection code | Home library | Current library | Date acquired | Source of acquisition | Currency | Cost, normal purchase price | Bill Number | Total Checkouts | Full call number | Acc. no. / Barcode | Date last seen | Actual Cost, discounted price | Bill Date | Koha item type | Date last borrowed |
|---|---|---|---|---|---|---|---|---|---|---|---|---|---|---|---|---|---|---|---|---|
| Dewey Decimal Classification | B.Pharma | PIET C-LIBRARY | PIET C-LIBRARY | 27/03/2024 | ZAFAA BOOKS | RUPEES | 395.00 | ZBDO406 | 612 JOP | BP2382 | 27/03/2024 | 256.75 | 07/03/2024 | Reference Books | ||||||
| Dewey Decimal Classification | B.Pharma | PIET C-LIBRARY | PIET C-LIBRARY | 27/03/2024 | ZAFAA BOOKS | RUPEES | 395.00 | ZBDO406 | 1 | 612 JOP | BP2383 | 12/09/2025 | 256.75 | 07/03/2024 | Text Books | 05/09/2025 | ||||
| Dewey Decimal Classification | B.Pharma | PIET C-LIBRARY | PIET C-LIBRARY | 27/03/2024 | ZAFAA BOOKS | RUPEES | 395.00 | ZBDO406 | 1 | 612 JOP | BP2384 | 22/09/2025 | 256.75 | 07/03/2024 | Text Books | 27/08/2025 |